<?xml version="1.0" encoding="UTF-8"?>
<record
    xmlns:xsi="http://www.w3.org/2001/XMLSchema-instance"
    xsi:schemaLocation="http://www.loc.gov/MARC21/slim http://www.loc.gov/standards/marcxml/schema/MARC21slim.xsd"
    xmlns="http://www.loc.gov/MARC21/slim">

  <leader>01252nam a22003017a 4500</leader>
  <controlfield tag="001">10008</controlfield>
  <controlfield tag="003">FISKH</controlfield>
  <controlfield tag="005">20260326163444.0</controlfield>
  <controlfield tag="008">260326b        cb ||||| |||| 00| 0 eng d</controlfield>
  <datafield tag="020" ind1=" " ind2=" ">
    <subfield code="a">9780916119546</subfield>
  </datafield>
  <datafield tag="040" ind1=" " ind2=" ">
    <subfield code="a">FISKH</subfield>
    <subfield code="b">eng</subfield>
    <subfield code="c">FISKH</subfield>
    <subfield code="d">FISKH</subfield>
  </datafield>
  <datafield tag="050" ind1=" " ind2=" ">
    <subfield code="a">PC4117 .W5522</subfield>
  </datafield>
  <datafield tag="082" ind1=" " ind2=" ">
    <subfield code="a">370</subfield>
  </datafield>
  <datafield tag="100" ind1=" " ind2=" ">
    <subfield code="a">Williams, Rozanne Lanczak </subfield>
    <subfield code="e">Author</subfield>
  </datafield>
  <datafield tag="245" ind1=" " ind2=" ">
    <subfield code="a">How to make a mudpie /</subfield>
    <subfield code="c">Written by Rozanne Lanczak Williams ; illustrated by Aaron Sacco </subfield>
  </datafield>
  <datafield tag="260" ind1=" " ind2=" ">
    <subfield code="a">Huntington Beach : </subfield>
    <subfield code="b">Creative Teaching Press Inc. ,</subfield>
    <subfield code="c">2013</subfield>
  </datafield>
  <datafield tag="300" ind1=" " ind2=" ">
    <subfield code="a">8 pages : </subfield>
    <subfield code="b">color illustrations ;</subfield>
    <subfield code="c">16 x 23 cm</subfield>
  </datafield>
  <datafield tag="490" ind1=" " ind2=" ">
    <subfield code="a">Learn to read, read to learn : </subfield>
    <subfield code="v">Fun &amp; fantasy</subfield>
  </datafield>
  <datafield tag="505" ind1=" " ind2=" ">
    <subfield code="a">E
</subfield>
  </datafield>
  <datafield tag="520" ind1=" " ind2=" ">
    <subfield code="a">Repetitive, predictable story lines and illustrations that match the text provide maximum support to the emergent reader. Engaging stories promote reading comprehension, and easy and fun activities on the inside back covers extend learning. Great for Reading First, Fluency, Vocabulary, Text Comprehension, and ESL/ELL!</subfield>
  </datafield>
  <datafield tag="521" ind1="8" ind2=" ">
    <subfield code="a">200
</subfield>
    <subfield code="b">Lexile estimate
</subfield>
  </datafield>
  <datafield tag="521" ind1="8" ind2=" ">
    <subfield code="a">E
</subfield>
    <subfield code="b">Raz-Plus
</subfield>
  </datafield>
  <datafield tag="650" ind1=" " ind2=" ">
    <subfield code="a">Early readers </subfield>
    <subfield code="v">How-to </subfield>
  </datafield>
  <datafield tag="650" ind1=" " ind2=" ">
    <subfield code="a">Play </subfield>
    <subfield code="v">Outdoor activities</subfield>
  </datafield>
  <datafield tag="700" ind1=" " ind2=" ">
    <subfield code="a">Sacco, Aaron </subfield>
    <subfield code="e">Illustrator </subfield>
  </datafield>
  <datafield tag="942" ind1=" " ind2=" ">
    <subfield code="2">ddc</subfield>
    <subfield code="c">BK</subfield>
    <subfield code="n">0</subfield>
  </datafield>
  <datafield tag="999" ind1=" " ind2=" ">
    <subfield code="c">10008</subfield>
    <subfield code="d">10008</subfield>
  </datafield>
  <datafield tag="952" ind1=" " ind2=" ">
    <subfield code="0">0</subfield>
    <subfield code="1">0</subfield>
    <subfield code="2">ddc</subfield>
    <subfield code="4">0</subfield>
    <subfield code="7">0</subfield>
    <subfield code="8">NFIC</subfield>
    <subfield code="a">002</subfield>
    <subfield code="b">002</subfield>
    <subfield code="c">TTP Dark Green</subfield>
    <subfield code="d">2026-03-26</subfield>
    <subfield code="l">0</subfield>
    <subfield code="o">WIL 370 PC4117 .W5522</subfield>
    <subfield code="p">FIS02802</subfield>
    <subfield code="r">2026-03-26 16:34:42</subfield>
    <subfield code="t">1</subfield>
    <subfield code="w">2026-03-26</subfield>
    <subfield code="y">BK</subfield>
  </datafield>
</record>
